000 00689nam a22002297a 4500
999 _c14491
_d14491
003 AR-CdUCM
008 190423b ||||| |||| 00| 0 spa d
020 _a978-84-9101-199-6
040 _aMUNICIPALIDAD PROVINCIAL DEL CUSCO
_cBIBLIOTECA MUNICIPAL DEL CUSCO
082 _aPI / 376.1 /
_bA77
110 _aCombel
_932671
245 _aQuien busca, encuentra
260 _aBarcelona :
_bCombel,
_c2015.
300 _bilustraciones, graficos, dibujos, origami
_c21 cm.
500 _aCuentos para infantes
650 _aCuentos
_9217
650 _aHistoria
_9136
650 _aLiteratura
_983
856 _fwww.combeleditorial.com
942 _2ddc
_cLIBROS
945 _apjha
_d2019-04-23